000 00813nam a2200229 i 4500
001 144731
003 ES-MaACL
005 20231228210625.0
007 t|
008 070214s1970 sp r ||||1| spa d
100 1 _aSilvela Sangro, Juan Manuel.
_9106427
245 1 0 _aCartas a Anna /
_cJuan Manuel Silvela Sangro ; prólogo de Federico Sopeña Ibañez ; traducción del francés por Mayte Despujols, Paloma Galindo.
260 _aMadrid :
_bPrensa Española,
_c1970.
300 _a182 p. ;
_c21 cm.
490 1 _aColección "Los Tres Dados"
700 1 _aSopeña Ibáñez, Federico,
_d1917-1991
_9107321
700 1 _aDespujols, Mayte.
_943930
700 1 _aGalindo, Paloma.
_953435
830 0 _aColección "Los Tres Dados"
_9181995
852 _aES-MaACL
_jC-47342
_bR.73088
999 _c144731
_d144731